| 000 | 01054nam a2200301 i 4500 | ||
|---|---|---|---|
| 001 | 181009 | ||
| 003 | ES-MaACL | ||
| 005 | 20231219062538.0 | ||
| 008 | 121001s2008 sp |||| | spa d | ||
| 020 | _a978-84-7057-538-9 | ||
| 080 | _a929 Pablo, Santo | ||
| 080 | _a227.1.08 | ||
| 100 | 1 |
_aFitzmyer, Joseph A. _951076 |
|
| 245 | 1 | 0 |
_aTeología de San Pablo _b: síntesis y perspectivas / _cJoseph A. Fitzmyer. |
| 260 |
_aMadrid : _bCristiandad, _c[2008] |
||
| 300 |
_a199 p. ; _c21 cm. |
||
| 490 | 1 | _aTeología sistemática | |
| 500 | _aÍndice. | ||
| 504 | _aBibliografía: p. [43]-44, [189]-190. | ||
| 505 | 8 | _aContiene: Vida de San Pablo - Teología de San Pablo | |
| 600 | 0 | 7 |
_aPablo _cSanto. _988088 |
| 630 | 0 | 7 |
_aBiblia. _pN.T. _pEpístolas de Pablo- _xTeología. _9151492 |
| 830 | 0 |
_aTeología sistemática _9224673 |
|
| 852 |
_aES-MaACL _jA-12227 _9187890 _bR.148540 _cDEPO1 _dOlim: N-5232 _xDonacion:Jose Luis Abellán |
||
| 903 |
_aAbellán, José Luis, _d1933-2023 _ednr _q1 _9176509 |
||
| 942 | _2udc | ||
| 999 |
_c181009 _d181009 |
||